| 000 | 01812nam a2200517 i 4500 | ||
|---|---|---|---|
| 001 | 197533 | ||
| 003 | ES-GrU | ||
| 005 | 20250818075817.0 | ||
| 007 | ta | ||
| 008 | 910302s1988 sp fo 001 0 spa d | ||
| 017 | _aB 38255-1988 | ||
| 020 | _a8477820473 (Obra completa) | ||
| 020 | _a8477820481 (Tomo I) | ||
| 020 | _a847782049X (Tomo II) | ||
| 035 | _a(ES-GrU)b10254468-34cbua_ugr | ||
| 035 | _a(OCoLC)758011948 | ||
| 035 | _a991006875449704990 | ||
| 040 |
_bspa _cES-MaACL |
||
| 080 | _a94(460).053 | ||
| 080 | _a008 | ||
| 080 | _a946.0 | ||
| 245 | 0 | 0 | _aCarlos III y la Ilustración |
| 260 |
_aMadrid : _bMinisterio de Cultura, _c1988 |
||
| 300 |
_a2 v. (791 pág.) : _bil. ; _c24 cm |
||
| 336 |
_2rdacontent _atexto |
||
| 337 |
_2rdamedia _asin mediación |
||
| 338 |
_2rdacarrier _avolumen |
||
| 490 | 1 | _aCarlos III y la ilustración | |
| 504 | _ap. 769-779 | ||
| 505 | 0 | _aT. I. Estudios -- T. II. Catálogo | |
| 600 | 0 | 4 |
_aCarlos _bIII, _cRey de España _935305 |
| 650 | 7 |
_aSiglo de las luces _2EMBUS _9240861 |
|
| 651 | 4 |
_aEspaña _98159 |
|
| 653 | 4 | _a1759-1788 | |
| 653 | 4 | _aSiglo XVIII | |
| 655 | 0 |
_aHistoria _9236988 |
|
| 655 | 7 |
_aCatálogos de exposiciones _2tgfbne _9193628 |
|
| 830 | 0 |
_aCarlos III y la Ilustración (Ministerio de Cultura) _9240862 |
|
| 852 |
_aES-MaACL _cDEPO1 _jA-15616 _hDonación: Fernando Codina Rodríguez _pVol. I _xEncuadernación rústica _9205974 |
||
| 852 |
_aES-MaACL _cDEPO1 _jA-15617 _hDonación: Fernando Codina Rodríguez _pVol. II _xEncuadernación rústica _9205975 |
||
| 903 |
_aCodina Rodríguez, Fernando _ednr _9238631 |
||
| 942 |
_n0 _cMONOGRAFIA |
||
| 999 |
_c197533 _d197533 |
||